Nước sạch và chiến lược giảm nghèo tại các vùng sâu /
Salvato in:
| Autore principale: | |
|---|---|
| Natura: | Articolo |
| Lingua: | Vietnamese |
| Soggetti: | |
| Tags: |
Aggiungi Tag
Nessun Tag, puoi essere il primo ad aggiungerne! !
|
| Thư viện lưu trữ: | Thư viện Trường Đại học Đà Lạt |
|---|
| LEADER | 00875nam a2200325 4500 | ||
|---|---|---|---|
| 001 | DLU040000372 | ||
| 040 | # | # | |a DLU |b vie |
| 041 | # | # | |a vie |
| 044 | # | # | |a vn |
| 100 | # | # | |a Bùi Minh |
| 245 | # | # | |a Nước sạch và chiến lược giảm nghèo tại các vùng sâu / |c Bùi Minh |
| 653 | # | # | |a Dân tộc thiểu số |
| 653 | # | # | |a Nước sạch |
| 653 | # | # | |a Vùng sâu |
| 653 | # | # | |a Vệ sinh môi trường |
| 653 | # | # | |a Xoá đói giảm nghèo |
| 773 | # | # | |t Xã hội học |g Số 3, 2003, tr 52 - 59 |
| 920 | # | # | |a Phòng Tạp chí -- Trung tâm Thông tin - Thư viện Trường Đại học Đà Lạt |
| 933 | # | # | |a CP |
| 933 | # | # | |a NL |
| 933 | # | # | |a XH |
| 994 | # | # | |a DLU |
| 900 | # | # | |a True |
| 911 | # | # | |a Trần Văn Thống Nhất |
| 925 | # | # | |a G |
| 926 | # | # | |a A |
| 927 | # | # | |a BB |
| 980 | # | # | |a Thư viện Trường Đại học Đà Lạt |